Alemania y la guerra europea / (Record no. 21984)

MARC details
000 -LEADER
campo de control de longitud fija 00834nam a2200217 i 4500
001 - NÚMERO DE CONTROL
campo de control 21984
003 - IDENTIFICADOR DE NÚMERO DE CONTROL
campo de control ES-MaACL
005 - FECHA Y HORA DE LA ÚLTIMA TRANSACCIÓN
campo de control 20230906152602.0
007 - CAMPO FIJO DE DESCRIPCIÓN FÍSICA--INFORMACIÓN GENERAL
campo de control de longitud fija t|
008 - DATOS DE LONGITUD FIJA--INFORMACIÓN GENERAL
campo de control de longitud fija 021129s1916 sp ||||1| spa d
245 00 - MENCIÓN DEL TÍTULO
Título Alemania y la guerra europea /
Mención de responsabilidad, etc. por Otto Hintze... [et al.] ; traducción directa por Faustino Balvé.
260 ## - PUBLICACIÓN, DISTRIBUCIÓN, ETC.
Lugar de publicación, distribución, etc. Barcelona :
Nombre del editor, distribuidor, etc. [s.n.,
Fecha de publicación, distribución, etc. 1916] (
Fabricante La Académica)
300 ## - DESCRIPCIÓN FÍSICA
Extensión 3 v. ;
Dimensiones 19 cm.
505 8# - NOTA DE CONTENIDO CON FORMATO
Nota de contenido con formato V. I: Alemania, su política y sus instituciones. -- V. II: Aliados y enemigos de Alemania. -- V. III: Génesis y espíritu de la guerra
700 1# - ENTRADA AGREGADA--NOMBRE PERSONAL
Nombre de persona Hintze, Otto.
9 (RLIN) 63791
700 1# - ENTRADA AGREGADA--NOMBRE PERSONAL
Nombre de persona Balvé, Faustino.
9 (RLIN) 25136
740 0# - ENTRADA AGREGADA--TÍTULO RELACIONADO/ANALÍTICO NO CONTROLADO
Título relacionado o analítico no controlado Alemania, su política y sus instituciones.
740 0# - ENTRADA AGREGADA--TÍTULO RELACIONADO/ANALÍTICO NO CONTROLADO
Título relacionado o analítico no controlado Aliados y enemigos de Alemania.
740 0# - ENTRADA AGREGADA--TÍTULO RELACIONADO/ANALÍTICO NO CONTROLADO
Título relacionado o analítico no controlado Génesis y espíritu de la guerra.
852 ## - LOCALIZACIÓN
Ubicación ES-MaACL
Número de control de estantería F-7217-7219
Holdings
Estatus retirado Estado de pérdida Estado de daño No para préstamo Biblioteca de origen Biblioteca actual Ubicación en estantería Fecha de adquisición Fuente de adquisición Total de préstamos Signatura topográfica completa Código de barras Visto por última vez Precio de reemplazo Tipo de ítem Koha
        Biblioteca del Ateneo de Madrid Biblioteca del Ateneo de Madrid Depósito 2 17/01/2008     F-7217-7219 1022596 23/02/2023 23/02/2023 Libro impreso